Monetární politika, volatilita inflace a ekonomický růst
Analýza vplyvu volatility inflácie na dlhodobý ekonomický rast v zmysle teórii rastu. Negatívne efekty a náklady inflácie a jej volatilita. Pozitíva inflácie a volatility inflácie. Tobinov efekt v neoklasickom rasovom modely.
Guardado en:
| Autor principal: | |
|---|---|
| Formato: | Capítulo de libro |
| Lenguaje: | checo |
| Materias: | |
| Etiquetas: |
Sin Etiquetas, Sea el primero en etiquetar este registro!
|
MARC
| LEADER | 00000naa$a2200000$$$4500 | ||
|---|---|---|---|
| 001 | 0052459 | ||
| 005 | 20231107105850.5 | ||
| 041 | 0 | |a cze | |
| 044 | |a CZ | ||
| 245 | 1 | 0 | |a Monetární politika, volatilita inflace a ekonomický růst |c Igor Kotlán |
| 520 | |a Analýza vplyvu volatility inflácie na dlhodobý ekonomický rast v zmysle teórii rastu. Negatívne efekty a náklady inflácie a jej volatilita. Pozitíva inflácie a volatility inflácie. Tobinov efekt v neoklasickom rasovom modely. | ||
| 610 | 2 | 0 | |a volatilita |
| 610 | 2 | 0 | |a inflácia |
| 610 | 2 | 0 | |a rast hospodársky |
| 610 | 2 | 0 | |a politika menová |
| 610 | 2 | 0 | |a modely rastu |
| 100 | 1 | |a Kotlán, Igor | |